A mary westmacott novel unfinished portrait / (Record no. 174376)

000 -LEADER
fixed length control field 00986cam a2200241 a 4500
001 - CONTROL NUMBER
control field 4243776
003 - CONTROL NUMBER IDENTIFIER
control field Nust
005 - DATE AND TIME OF LATEST TRANSACTION
control field 20170125090235.0
008 - FIXED-LENGTH DATA ELEMENTS--GENERAL INFORMATION
fixed length control field 830816s1983 nyu 000 1 eng
010 ## - LIBRARY OF CONGRESS CONTROL NUMBER
LC control number 83072673
020 ## - INTERNATIONAL STANDARD BOOK NUMBER
International Standard Book Number 9780007357949
Terms of availability $25.00
040 ## - CATALOGING SOURCE
Original cataloging agency DLC
Transcribing agency DLC
Modifying agency DLC
050 00 - LIBRARY OF CONGRESS CALL NUMBER
Classification number PR6005.H66
Item number A6 1983a
082 00 - DEWEY DECIMAL CLASSIFICATION NUMBER
Classification number 823.912
Author Mark CHR
100 1# - MAIN ENTRY--PERSONAL NAME
Personal name Christie, Agatha,
Dates associated with a name 1890-1976.
245 14 - TITLE STATEMENT
Title A mary westmacott novel unfinished portrait /
Statement of responsibility, etc. by Agatha Christie writing under the name Mary Westmacott.
260 ## - PUBLICATION, DISTRIBUTION, ETC.
Place of publication, distribution, etc. New York :
Name of publisher, distributor, etc. Arbor House,
Date of publication, distribution, etc. 2002
300 ## - PHYSICAL DESCRIPTION
Extent 400 p. ;
Dimensions 25 cm.
505 0# - FORMATTED CONTENTS NOTE
Formatted contents note Giants' bread -- Absent in the spring -- Unfinished portrait -- The rose and the yew tree -- A daughter's a daughter -- The burden.
650 #0 - SUBJECT ADDED ENTRY--TOPICAL TERM
Topical term or geographic name entry element Detective and mystery stories, English.
906 ## - LOCAL DATA ELEMENT F, LDF (RLIN)
a 7
b cbc
c orignew
d 3
e opcn
f 19
g y-gencatlg
942 ## - ADDED ENTRY ELEMENTS (KOHA)
Source of classification or shelving scheme
Koha item type Book
Holdings
Withdrawn status Lost status Source of classification or shelving scheme Damaged status Not for loan Permanent Location Current Location Shelving location Date acquired Total Checkouts Full call number Barcode Date last seen Date last checked out Copy number Price effective from Koha item type
          Central Library (CL) Central Library (CL) Fiction 01/25/2017 1 823.912 CHR CL2648 10/19/2022 12/20/2019 1 01/25/2017 Book
© 2023 Central Library, National University of Sciences and Technology. All Rights Reserved.